03761nam a2200397 i 4500003000900000005001700009007000300026008004100029020001800070040003000088082001300118110006500131245021900196264005300415300005400468336002700522337003400549338002800583500002500611504004300636505162100679590002702300700005002327700005402377700006402431700005902495700005002554910001402604942001402618952013802632952014402770952014402914952014403058952014403202999001703346DO-SdBNP20250919112547.0ta240209s2023 dr co 000 j spa d a9789945643831 aDO-SdBNPbspacBNPHUerda 4bT8222221 aRepública Dominicana.bCorte de Constitucionalidad 97119110aMujeres de la historia dominicana :bun homenaje /ccomisión Alba Luisa Beard Marcos, Manuel Ulises Bonnelly Vega, María del Carmen Santana de Cabrera, José Alejandro Vargas Guerrero, Eunisis Vásquez Acosta 1aSanto Domingo :bTribunal Constitucional,c2023. a148 páginas, bretratos, fotografíasc29 cm. 2rdacontentatextobtxt 2rdamediaasin mediación bn 2rdacarrieravolumenbnc aLibro de pasta dura. aIncluye referencias bibliográficas. 0 tPalabras de presentación del magistrado presidente Dr. Milton Ray Guevara --tIntroducción --tComisión de igualdad de género del Tribunal Constitucional --gHeroínas nacionales --tAna Valverde --tPatria, Minerva y María Teresa Mirabal --tJosefa Antonia Pérez de la Paz --tJuana de la Merced Trinidad (Juana Saltitopa) --tManuela Díez y Jiménez --tMaría Baltasara de los Reyes --tMaría de la Concepción Bona y Hernández --tMaría Trinidad Sánchez --tRosa Protomártir Duarte y Díez --gDefensa y promoción de los derechos de las mujeres --tAna Emilia Abigaíl Mejía Soliere --tPetronila Angélica Gómez --gHumanidades: educación, filosofía, historia, literatura --tAída Cartagena Portalatín --tAmbrosia Ercilia Pepín Estrella (Ercilia Pepín) --tEsthervina Matos Pérez --tFrancisca Amelia de Marchena Sánchez (Amelia Francasci) --tHilma Contreras --tSalomé Ureña --tSocorro Sánchez --gSalud --tAndrea Evangelina Rodríguez Perozo --gCiencias jurídicas y políticas --tAltagracia Mélida Frómeta Pereyra --tAna Teresa Paradas Sánchez --tCarmen Josefina Lora Iglesias (Piky Lora) --tIsabel Mayer --tIvelisse Prats Ramírez --tJosefa Sánchez de González --tMilady Félix de L´Official --gArte y cultura --tAltagracia Casandra Damirón --tMaría África Gracia Vidal de Santo Silas (María Montez) --gDeporte --tDivina Estrella --tTeresa Durán --gLabor social --tFlorinda Soriano (Mama Tingó) --tMaría Altagracia Pérez Pntado (Mary Pérez de Marranzini) --tRosa Emilia Sánchez de Tavares / aInventariado, 2024/ YL1 aBeard Marcos, Alba Luisa ecomisión 9848861 aBonnelly Vega, Manuel Ulises ecomisión 9848871 aSantana de Cabrera, María del Carmen ecomisión 9848881 aVargas Guerrero, José alejandro ecomisión 9848891 aVásquez Acosta, Eunisisecomisión 984890 aYLockward 2ddccLBS1 00102ddc51708PDaBNPHUbBNPHUcCTd2023-10-10eTribunal Constitucionall0oBNPHU PD T822p2024-0928r2024-02-09w2024-02-09yLBS1 00102ddc51708PDaBNPHUbBNPHUcCTd2023-10-10eTribunal Constitucionall0oBNPHU PD T822p2024-0929r2024-02-09te. 2w2024-02-09yLBS1 00102ddc56708DSaBNPHUbBNPHUcCTd2023-10-10eTribunal Constitucionall0oBNPHU DS T822p2024-0930r2024-02-09te. 3w2024-02-09yLBS1 00102ddc56708DSaBNPHUbBNPHUcCTd2024-01-08eTribunal Constitucionall0oBNPHU DS T822p2024-0932r2024-02-09te. 4w2024-02-09yLBS1 00102ddc56708DSaBNPHUbBNPHUcCTd2024-01-08eTribunal Constitucionall0oBNPHU DS T822p2024-0933r2024-02-09te. 5w2024-02-09yLBS1 c55888d55888